Adalet adamı Kemal Kılıçdaroğlu/ (Record no. 15042)

MARC details
000 -BAŞLIK
Sabit Uzunlukta Kontrol Alanı 00890nam a22002537a 4500
999 ## - SİSTEM KONTROL NUMARALARI (KOHA)
Koha Biblionumber 15042
Koha Biblioitemnumber 15042
003 - KONTROL NUMARASI IDENTIFIER
Denetim Alanı MIRAKIL
005 - SON İŞLEM TARİHİ VE ZAMANI
Denetim Alanı 20221020134926.0
008 - SABİT-BOY VERİ ELEMANLARI - GENEL BİLGİLER
Sabit Uzunlukta Kontrol Alanı 221020b tu ||||| |||| 00| 0 tur d
020 ## - ULUSLARARASI STANDART KİTAP NUMARASI
Uluslararası Standart Kitap Numarası 9786052365564
040 ## - KATALOGLAMA KAYNAK
Orijinal Kataloglama Ajansı TR-AnCHP
Kataloglama Dili tur
Metne Dönüştürmek Ajansı TR-AnCHP
041 ## - DİL KODU
Metin / Ses Parça Veya Ayrı Başlığın Dil Kodu tur
082 ## - DEWEY ONLU SINIFLANDIRMA NUMARASI
Sınıflandırma Numarası CHP 923.2 Kılıçdaroğlu, K.
Ürün Numarası Ö39a 2017
100 ## - ANA GİRİŞ - KİŞİSEL İSİM
Kişisel Ad Öğüt, Ensar
245 ## - BAŞLIK TABLOSU
Başlık Adalet adamı Kemal Kılıçdaroğlu/
Sorumluluk Tablosu, Vb Ensar Öğüt, Mesut Özcan
260 ## - YAYIN, DAĞITIM, VB
Yayın, Dağıtım, Vb Yeri İstanbul
Yayıncı, Dağıtıcı, Vs Adı Kalk kitabevi,
Yayın, Dağıtım, Vb Tarihi 2017
300 ## - FİZİKSEL TANIM
Kapsam 228 s.:
Diğer Fiziksel Ayrıntıları fotğ.
Boyutlar 21 sm.
500 ## - GENEL NOT
Genel Not kapakta: kureyşan ocağı Horasan'dan Anadolu'ya
600 ## - KONU KATMA GİRİŞ - KURUMSAL ADI
Kişisel Ad Kılıçdaroğlu, Kemal
Başlıklar Ve Bir Adla İlişkili Diğer Kelimeler CHP Genel Başkanı
Genel Alt Bölümü Yaşamöyküsü
600 ## - KONU KATMA GİRİŞ - KURUMSAL ADI
Kişisel Ad Kılıçdaroğlu, Kemal
Başlıklar Ve Bir Adla İlişkili Diğer Kelimeler CHP Genel Başkanı
Genel Alt Bölümü Soykütüğü
-- Belgeler
650 ## - KONU KATMA GİRİŞ - TOPİKAL DÖNEM
Topikal Süreli Veya Coğrafi Ad Giriş Elemanı Kureşan Ocağı
Genel Alt Bölümü Belgeler
-- Tarih
650 ## - KONU KATMA GİRİŞ - TOPİKAL DÖNEM
Topikal Süreli Veya Coğrafi Ad Giriş Elemanı Siyaset ve yönetim
Genel Alt Bölümü Türkiye
700 ## - KATMA GİRİŞ - KİŞİSEL İSİM
Kişisel Ad Özcan, Mesut
942 ## - EKLENDİ GİRİŞ ELEMANLARI (KOHA)
Sınıflandırma Veya Raf Düzeni Kaynak Library of Congress Classification
Koha Öğesi Türü Books
Holdings
Kalıcı Konum Mevcut Konum Edinme Tarihi Toplam Check-Out'Lar Tam Çağrı Numarası Barkod Tarih Son Görülme İtibaren Geçerli Fiyatlar Koha Öğesi Türü Kopya Sayısı
CHP Kütüphanesi CHP Kütüphanesi 10/20/2022   CHP 923.2 Kılıçdaroğlu, K. Ö39a 2017 020586 10/20/2022 10/20/2022 Books  
CHP Kütüphanesi CHP Kütüphanesi 02/22/2024   CHP 923.2 Kılıçdaroğlu, K. Ö39a 2017 21109 02/22/2024 02/22/2024 Books k.2
CHP Kütüphanesi CHP Kütüphanesi 02/22/2024   CHP 923.2 Kılıçdaroğlu, K. Ö39a 2017 21110 02/22/2024 02/22/2024 Books k.3